Sioux Falls Regional Airport (Sioux Falls, SD, USA) - Statistics

General Stats
  • This quiz has been taken 69 times
    33 since last reset
  • The average score is 10 of 14
Answer Stats
Airline Destination % Correct
American Eagle/United Airlines/United Express Chicago (O'Hare)
100%
Frontier Airlines/United Airlines/United Express Denver
96%
Delta Air Lines/Delta Connection Minneapolis/St. Paul
96%
Delta Air Lines Atlanta
88%
American Airlines/American Eagle Dallas/Fort Worth
88%
Allegiant Air Orlando/Sanford
79%
Allegiant Air Las Vegas
75%
Allegiant Air Phoenix/Mesa
67%
American Eagle Phoenix (Sky Harbor)
63%
Allegiant Air Fort Lauderdale
58%
Allegiant Air Nashville
46%
Allegiant Air St. Petersburg/Clearwater
46%
Allegiant Air Punta Gorda (FL)
29%
Allegiant Air San Diego
29%
No matching quizzes found
Score Distribution
Percent of People with Each Score
Percentile by Number Answered
Your Score History
You have not taken this quiz since the last reset